[Event "La Roda op 46th"]
[Site "La Roda"]
[Date "2019.04.17"]
[Round "1"]
[White "Tejedor Fuente, Enrique"]
[Black "Zamora Beamud, Andres"]
[Result "1-0"]
[WhiteElo "2429"]
[BlackElo "1943"]
[PlyCount "91"]
[EventDate "2019.04.17"]
[EventType "swiss"]
[EventRounds "9"]
[EventCountry "ESP"]
[SourceTitle "CBM 189 Extra"]
[Source "ChessBase"]
[SourceDate "2019.05.31"]
[SourceVersion "1"]
[SourceVersionDate "2019.05.31"]
[SourceQuality "1"]

1. e4 e5 2. Nf3 Nc6 3. d4 exd4 4. Bc4 Be7 5. Nxd4 Nf6 6. Nxc6 dxc6 7. Nd2 b5 8. Be2 Bd6 9. a4 0-0 10. 0-0 Bd7 11. h3 Re8 12. Bd3 Qc8 13. Qf3 a6 14. Re1 c5 15. b3 Be5 16. Ra2 Qb7 17. Bb2 Bxb2 18. Rxb2 Bc6 19. axb5 axb5 20. Qf5 Rad8 21. Qxc5 Nxe4 22. Nxe4 Bxe4 23. Qxb5 Qa8 24. Bxe4 Rxe4 25. Rbb1 g6 26. Qc5 Red4 27. Qxc7 Rc8 28. Qe5 Rd2 29. c4 Qa2 30. Qf6 Rd3 31. Qb2 Qa7 32. Qc2 Rg3 33. b4 Rg5 34. Qd2 Rf5 35. c5 Qb7 36. Rbc1 Rd5 37. Qf4 Qd7 38. Rc4 Rf5 39. Qd4 Qc7 40. b5 Rd8 41. b6 Rxd4 42. bxc7 Rxc4 43. c8Q+ Kg7 44. c6 Rc2 45. Qd7 Rfc5 46. Re7 1-0

[Event "San Sebastian de los Reyes op 14th"]
[Site "San Sebastian"]
[Date "2012.12.05"]
[Round "5"]
[White "Zamora Beamud, Andres"]
[Black "Lopez Ziegler, Carlos"]
[Result "0-1"]
[WhiteElo "1792"]
[BlackElo "1910"]
[PlyCount "56"]
[EventDate "2012.12.01"]
[EventType "swiss"]
[EventRounds "9"]
[EventCountry "ESP"]
[SourceTitle "CBM 151 Extra"]
[Source "ChessBase"]
[SourceDate "2012.12.18"]
[SourceVersion "1"]
[SourceVersionDate "2012.12.18"]
[SourceQuality "1"]

1. d4 d5 2. c4 e6 3. Nf3 Be7 4. Nc3 c6 5. e3 Nf6 6. Bd3 Nbd7 7. 0-0 0-0 8. Re1 dxc4 9. Bxc4 b5 10. Bd3 b4 11. Ne4 Bb7 12. Bd2 c5 13. Ng3 Rc8 14. Rc1 Qb6 15. h3 Rfd8 16. e4 Nf8 17. e5 N6d7 18. Ng5 cxd4 19. Rxc8 Rxc8 20. Qh5 Bxg5 21. Bxg5 Qa5 22. f4 b3 23. Ra1 Qd2 24. Qe2 Rc1+ 25. Rxc1 Qxc1+ 26. Kh2 bxa2 27. Qg4 a1Q 28. Bf1 Qd1 0-1

[Event "Tres Cantos op 2nd"]
[Site "Tres Cantos"]
[Date "2010.06.26"]
[Round "8"]
[White "Fernandez Aransay, Fernando"]
[Black "Zamora Beamud, Andres"]
[Result "1-0"]
[WhiteElo "1916"]
[BlackElo "1748"]
[PlyCount "51"]
[EventDate "2010.06.19"]
[EventType "swiss"]
[EventRounds "9"]
[EventCountry "ESP"]
[SourceTitle "CBM 137 Extra"]
[Source "ChessBase"]
[SourceDate "2010.09.01"]
[SourceVersion "1"]
[SourceVersionDate "2010.09.01"]
[SourceQuality "1"]

1. e4 c5 2. Nf3 d6 3. d4 cxd4 4. Nxd4 Nf6 5. Nc3 a6 6. Be2 Nbd7 7. 0-0 b5 8. f4 b4 9. Nd5 Bb7 10. Bf3 e6 11. Re1 Be7 12. Nxe7 Qxe7 13. e5 Nd5 14. Nf5 exf5 15. exd6 Qxe1+ 16. Qxe1+ Kd8 17. Bxd5 Bxd5 18. Qxb4 a5 19. Qd4 Nf6 20. Qb6+ Ke8 21. Qc7 Nd7 22. c4 Be6 23. c5 f6 24. c6 Rd8 25. cxd7+ Bxd7 26. Bd2 1-0

[Event "Tres Cantos op 2nd"]
[Site "Tres Cantos"]
[Date "2010.06.22"]
[Round "4"]
[White "Ramirez Garcia, Jorge Alberto"]
[Black "Zamora Beamud, Andres"]
[Result "1-0"]
[WhiteElo "2217"]
[BlackElo "1748"]
[PlyCount "41"]
[EventDate "2010.06.19"]
[EventType "swiss"]
[EventRounds "9"]
[EventCountry "ESP"]
[SourceTitle "CBM 137 Extra"]
[Source "ChessBase"]
[SourceDate "2010.09.01"]
[SourceVersion "1"]
[SourceVersionDate "2010.09.01"]
[SourceQuality "1"]

1. e4 c5 2. c3 d6 3. d4 Nf6 4. Bd3 e6 5. f4 Nc6 6. Nf3 Qb6 7. Na3 d5 8. e5 Nd7 9. Nc2 Be7 10. 0-0 Rb8 11. Kh1 f5 12. b3 a5 13. c4 g6 14. cxd5 exd5 15. Ne3 Nb4 16. a3 cxd4 17. axb4 dxe3 18. bxa5 Qa7 19. Bb5 Kf8 20. Qxd5 Nb6 21. Qd4 1-0